| 000 | 00714cam a22002171 4500 | ||
|---|---|---|---|
| 001 | sa 66002748 | ||
| 003 | DLC | ||
| 005 | 20260227112232.0 | ||
| 008 | 760113s1964 ph 000 0 eng | ||
| 010 | _asa 66002748 | ||
| 035 | _a(OCoLC)1924690 | ||
| 040 |
_aDLC _cFTS _dDLC |
||
| 042 | _apremarc | ||
| 050 | 0 | 0 |
_aPL5531 _b.C33 |
| 100 | 1 | _aCastillo y Tuazon, Teófilo del. | |
| 245 | 1 | 0 |
_aPhilippine literature from ancient times to the present _c[by] Teofilo del Castillo y Tuazon [and] Buenaventura S. Medina, Jr. |
| 260 |
_aQuezon City, Philippines. _bDel Castillo _c[1964] |
||
| 300 |
_axvii,546 p. _c23 cm. |
||
| 650 | 0 |
_aPhilippine literature _xHistory and criticism. |
|
| 700 | 1 | _aMedina, Buenaventura S. | |
| 999 |
_c68583 _d68583 |
||